| 000 | 00748nam a22001337a 4500 | ||
|---|---|---|---|
| 040 | _cRUA | ||
| 082 | _aVEM SOY 2020 B1-530 Or. | ||
| 100 | _aSOY PICH,សយ ពេជ្រ | ||
| 245 | _aGASTRO-INTESTINAL PARASITES IN DOMESTIC CHICKEN AT SMALL FARM,KORKI COMMUNE,KEINSVAY DISTRICT,KANDAL PROVINCE,បរាសិតក្នុងប្រដាប់រំលាយអាហារមាន់សាច់នៅកសិដ្ឋានខ្នាតតូច ឃុំគគីរ ស្រុកកៀនស្វាយ ខេត្តកណ្តាល | ||
| 260 |
_aphnom penh _brua _c2020 |
||
| 300 |
_aix.39p. _bill. _c29cm. |
||
| 856 | _uhttps://drive.google.com/file/d/1q0tj3VcW1pn5fhRZ_B2q9i0fNUbFhhC7/view?usp=sharing | ||
| 942 | _cVEM | ||
| 999 |
_c21765 _d21765 |
||